000 00397cam a22001337a 4500
008 180718b1993 xxu||||| |||| 00| 0 eng d
082 _aO91 Q959
100 _aGarkoti, J.C.
245 _aIntegrated basin planning in Himalaya
260 _aJaipur
_bRawat
_c1993
300 _ap.243-358
500 _a[In] Sustainable development, edited by N.L. Gupta and R.K. Gurjar
650 _aRegional Planning
999 _c361565
_d361565